| 000 | 00420nam a22001577a 4500 | ||
|---|---|---|---|
| 082 |
_a551 _bRAJ |
||
| 100 |
_aRajarman, S. _940196 |
||
| 245 |
_aGeology of Engineers _cRajarman, S. |
||
| 250 | _a5th ed. | ||
| 260 |
_aTrichur _bNeo-Saraswathi (elec) _cc 1959. |
||
| 300 |
_a201 p. _bill. _c24 cm. |
||
| 526 |
_a0 _b0 _c0 _d551_000000000000000_RAJ |
||
| 650 |
_aMCE _9379 |
||
| 700 |
_aRajarman, S. _940196 |
||
| 942 |
_2ddc _cBK |
||
| 999 |
_c544547 _d544547 |
||